[Event "AUTO-MASTER-1464"]
[Site "http://www.queenalice.com/game.php?id=969085"]
[Date "2011.8.5"]
[Round "1"]
[White "Guilherme_Ottoni"]
[Black "arvim"]
[Result "1-0"]
[WhiteElo "2048"]
[BlackElo "2162"]

1. e4 c6 2. d3 d5 3. Nd2 g6 4. Ngf3 Bg7 5. g3 e5 6. Bg2 Ne7 7. O-O O-O 8. c3 Na6
9. Nb3 Qc7 10. Be3 h6 11. Qd2 Be6 12. Bxh6 dxe4 13. dxe4 Rad8 14. Qe3 Rd7 15.
Bxg7 Kxg7 16. Rad1 Rfd8 17. Rxd7 Rxd7 18. Nc5 Nxc5 19. Qxc5 b6 20. Qxe5+ Qxe5
21. Nxe5 Rd2 22. b3 Rxa2 23. Rd1 Bxb3 24. Rd6 Ra1+ 25. Bf1 f6 26. Nd3 Rd1 27.
Rd7 Kf7 28. Kg2 Ke6 29. Rxa7 Bc2 30. Nf4+ Kd6 31. Be2 Rd2 32. Bf3 b5 33. h4 Bd1
34. Bxd1 1-0

[Event "AUTO-MASTER-1464"]
[Site "http://www.queenalice.com/game.php?id=969086"]
[Date "2011.8.5"]
[Round "1"]
[White "arvim"]
[Black "Guilherme_Ottoni"]
[Result "1-0"]
[WhiteElo "2227"]
[BlackElo "2017"]

1. d4 Nf6 2. c4 g6 3. Nc3 d5 4. cxd5 Nxd5 5. e4 Nxc3 6. bxc3 Bg7 7. Bc4 c5 8.
Ne2 Nd7 9. O-O Qc7 10. Qb3 e6 11. d5 exd5 12. Bxd5 O-O 13. Rb1 Nb6 14. c4 Bd7
15. Bf4 Be5 16. Bg3 Bxg3 17. Nxg3 Bc6 18. f4 Rad8 19. f5 Bxd5 20. exd5 Rd6 21.
Ne4 Rdd8 22. Nf6+ Kg7 23. Qc3 Kh6 24. Qh3+ 1-0

[Event "AUTO-MASTER-1464"]
[Site "http://www.queenalice.com/game.php?id=969093"]
[Date "2011.8.5"]
[Round "1"]
[White "sia"]
[Black "arvim"]
[Result "1-0"]
[WhiteElo "2046"]
[BlackElo "2208"]

1. g3 Nf6 2. Bg2 g6 3. Nf3 Bg7 4. c4 O-O 5. O-O d6 6. d3 c5 7. Nc3 Nc6 8. e4 Bg4
9. Qb3 Bxf3 10. Bxf3 Nd4 11. Qd1 Nxf3+ 12. Qxf3 a6 13. a3 Qb8 14. Bg5 b5 15.
cxb5 axb5 16. Rab1 b4 17. axb4 Qxb4 18. Bxf6 Bxf6 19. Nd5 Qd4 20. Nxf6+ exf6 21.
Rfc1 Rfb8 22. Qe3 Ra4 23. b3 Qxe3 24. fxe3 Ra3 25. Rc3 Rb4 26. Kg2 Kf8 27. Kf3
Ke7 28. h4 1-0

[Event "AUTO-MASTER-1464"]
[Site "http://www.queenalice.com/game.php?id=969094"]
[Date "2011.8.5"]
[Round "1"]
[White "arvim"]
[Black "sia"]
[Result "0-1"]
[WhiteElo "2238"]
[BlackElo "2025"]

1. d4 d5 2. c4 dxc4 3. Nf3 b5 4. a4 c6 5. axb5 cxb5 6. Nc3 Bd7 7. e3 a6 8. Ne5
e6 9. Qf3 f6 10. Qxa8 fxe5 11. dxe5 Qc7 12. Rxa6 Qxe5 13. Be2 Bc5 14. f4 Qc7 15.
Ne4 Bb6 16. Bf3 Bc6 17. Ng5 Bxa8 18. Nxe6 Nxa6 19. Nxc7+ Nxc7 0-1

[Event "Challenge"]
[Site "http://www.queenalice.com/game.php?id=1028502"]
[Date "2012.2.10"]
[Round "-"]
[White "JD"]
[Black "arvim"]
[Result "1-0"]
[WhiteElo "1648"]
[BlackElo "2054"]

1. c4 e5 2. e3 Nf6 3. a3 d5 4. Nc3 Nc6 5. Bd3 Be6 6. cxd5 Nxd5 7. e4 Nf4 8. Bf1
Nd4 9. Bb5+ c6 10. Ba4 Nxg2+ 11. Kf1 Nf4 12. d3 Qh4 13. Bxf4 exf4 14. Nce2 Bh3+
15. Ke1 1-0

[Event "AUTO-MASTER-1931"]
[Site "http://www.queenalice.com/game.php?id=1210175"]
[Date "2013.8.21"]
[Round "1"]
[White "ratorei"]
[Black "arvim"]
[Result "0-1"]
[WhiteElo "2018"]
[BlackElo "2022"]

1. e4 c6 2. d4 d5 3. exd5 cxd5 4. Nf3 g6 5. Bb5+ Nc6 6. Ne5 Bd7 7. Nxd7 Qxd7 8.
O-O Bg7 9. Re1 Nf6 10. c3 a6 11. Bd3 O-O 12. Bg5 Rfe8 13. Qf3 Qd6 14. Nd2 e5 15.
dxe5 Nxe5 16. Qg3 Nh5 17. Qh3 h6 18. g4 hxg5 19. gxh5 g4 20. Qg3 Bh6 21. Nb3
Nf3+ 0-1

[Event "AUTO-MASTER-1931"]
[Site "http://www.queenalice.com/game.php?id=1210176"]
[Date "2013.8.21"]
[Round "1"]
[White "arvim"]
[Black "ratorei"]
[Result "0-1"]
[WhiteElo "1977"]
[BlackElo "2118"]

1. d4 b6 2. c4 Bb7 3. Nc3 e6 4. e4 d5 5. cxd5 exd5 6. e5 c5 7. Bb5+ Bc6 8. Nf3
Bxb5 9. Nxb5 a6 10. Nc3 c4 11. Qa4+ Qd7 12. Qxd7+ Nxd7 13. Nxd5 O-O-O 14. Ne3
Bb4+ 15. Bd2 Bxd2+ 16. Kxd2 b5 17. a4 Nc5 18. axb5 Nb3+ 19. Kc3 Nxa1 0-1

[Event "AUTO-MASTER-1931"]
[Site "http://www.queenalice.com/game.php?id=1210187"]
[Date "2013.8.21"]
[Round "1"]
[White "Perro"]
[Black "arvim"]
[Result "1-0"]
[WhiteElo "2056"]
[BlackElo "2004"]

1. e4 c6 2. d4 d5 3. Nc3 dxe4 4. Nxe4 Bf5 5. Ng3 Bg6 6. Nf3 Nd7 7. h4 h6 8. h5
Bh7 9. Bd3 Bxd3 10. Qxd3 Ngf6 11. Bd2 e6 12. O-O-O Qc7 13. Rhe1 O-O-O 14. Kb1
Bd6 15. Ne4 1-0

[Event "AUTO-MASTER-1931"]
[Site "http://www.queenalice.com/game.php?id=1210188"]
[Date "2013.8.21"]
[Round "1"]
[White "arvim"]
[Black "Perro"]
[Result "0-1"]
[WhiteElo "1990"]
[BlackElo "2070"]

1. d4 Nf6 2. c4 g6 3. Nc3 d5 4. cxd5 Nxd5 5. e4 Nxc3 6. bxc3 Bg7 7. Bc4 O-O 8.
Ne2 c5 9. O-O Nc6 10. Be3 Na5 11. Bd3 c4 12. Bc2 b5 13. a4 a6 14. f3 Bd7 15. Rb1
Nb7 0-1

[Event "AUTO-MASTER-1934"]
[Site "http://www.queenalice.com/game.php?id=1211280"]
[Date "2013.8.25"]
[Round "1"]
[White "cdepalma1"]
[Black "arvim"]
[Result "1-0"]
[WhiteElo "2023"]
[BlackElo "2036"]

1. e4 c6 2. d4 d5 3. e5 c5 4. c3 Nc6 5. Nf3 e6 6. Bb5 Bd7 7. Bxc6 Bxc6 8. O-O
Qb6 9. a4 c4 10. a5 Qd8 11. Bg5 Qd7 12. Nh4 Ne7 13. g4 h6 14. Be3 h5 15. g5 Nf5
16. Nxf5 exf5 17. f4 g6 18. Rf3 Be7 19. Nd2 O-O 20. Rh3 b6 21. a6 1-0

[Event "AUTO-MASTER-1934"]
[Site "http://www.queenalice.com/game.php?id=1211281"]
[Date "2013.8.25"]
[Round "1"]
[White "arvim"]
[Black "cdepalma1"]
[Result "0-1"]
[WhiteElo "2019"]
[BlackElo "2040"]

1. d4 Nf6 2. c4 e6 3. Nc3 Nc6 4. e4 Bb4 5. Bd3 d6 6. Nf3 O-O 7. a3 Bxc3+ 8. bxc3
h6 9. O-O b6 10. h3 Bb7 11. Be3 Ne7 12. Qc2 Ng6 13. a4 a5 14. Rab1 Nh5 15. Qd2
f5 16. exf5 exf5 17. d5 f4 18. Bxb6 cxb6 19. Bxg6 Nf6 20. Nd4 Nxd5 21. cxd5 Bxd5
0-1

[Event "AUTO-MASTER-1934"]
[Site "http://www.queenalice.com/game.php?id=1211298"]
[Date "2013.8.25"]
[Round "1"]
[White "arvim"]
[Black "Fermats"]
[Result "0-1"]
[WhiteElo "2024"]
[BlackElo "2490"]

1. d4 Nf6 2. c4 e6 3. Nc3 d5 4. cxd5 exd5 5. Bg5 c6 6. Qc2 h6 7. Bh4 Be7 8. e3
O-O 9. Bd3 c5 10. Nf3 c4 11. Bf5 Nc6 12. O-O Qd6 13. Nb5 Qd8 14. Nc3 Qd6 15. Nb5
Qd8 16. Nc3 Re8 17. Ne5 Nd7 18. Nxc6 bxc6 19. b3 Bxh4 0-1

[Event "AUTO-MASTER-1934"]
[Site "http://www.queenalice.com/game.php?id=1211299"]
[Date "2013.8.25"]
[Round "1"]
[White "Fermats"]
[Black "arvim"]
[Result "1-0"]
[WhiteElo "2505"]
[BlackElo "2038"]

1. e4 c6 2. Nf3 d5 3. Nc3 Bg4 4. Be2 e6 5. O-O dxe4 6. Nxe4 Nd7 7. h3 Bf5 8. d3
Ngf6 9. Ng3 Bg6 10. a4 Qc7 11. Nh4 Bd6 12. Nxg6 hxg6 13. a5 O-O 14. Bf3 Ne5 15.
Ne4 Nxf3+ 16. Qxf3 Bh2+ 17. Kh1 Be5 18. c3 c5 19. Bg5 Nd5 20. Rfe1 c4 21. d4 1-0

[Event "AUTO-MASTER-1934"]
[Site "http://www.queenalice.com/game.php?id=1211300"]
[Date "2013.8.25"]
[Round "1"]
[White "arvim"]
[Black "Huxxley2013"]
[Result "0-1"]
[WhiteElo "2036"]
[BlackElo "2190"]

1. d4 d5 2. c4 e6 3. Nc3 Nf6 4. cxd5 exd5 5. Bg5 Be7 6. Qc2 Nc6 7. e3 h6 8. Bh4
g5 9. Bg3 Nb4 10. Qb1 c5 11. Nf3 c4 12. Be2 Bg4 13. h4 gxh4 14. Bxh4 Nc6 15. Qc2
Be6 16. b3 Qa5 17. O-O O-O 18. bxc4 dxc4 19. e4 Bg4 20. Rfd1 Bxf3 0-1

[Event "AUTO-MASTER-1934"]
[Site "http://www.queenalice.com/game.php?id=1211301"]
[Date "2013.8.25"]
[Round "1"]
[White "Huxxley2013"]
[Black "arvim"]
[Result "1-0"]
[WhiteElo "2201"]
[BlackElo "1977"]

1. e4 c6 2. d4 d5 3. e5 c5 4. dxc5 Nc6 5. Qd2 e6 6. Nf3 Bxc5 7. Bb5 Ne7 8. O-O
O-O 9. Nc3 Ng6 10. Re1 Qc7 11. Bxc6 bxc6 12. Na4 Be7 13. c4 dxc4 14. Qc2 Bb7 15.
h4 h5 16. Bg5 c5 17. Bxe7 Qxe7 18. Ng5 1-0